| 000 | 00943nam a2200229 a 4500 | ||
|---|---|---|---|
| 999 |
_c3761 _d3761 |
||
| 001 | 3761 | ||
| 003 | BD-JhCC | ||
| 005 | 20180305162812.0 | ||
| 008 | 171118s1362 ii |||| ||a| 000 0 ben d | ||
| 035 | _a(BD-JhCC)3761 | ||
| 040 |
_aBD-JhCC _dBD-JhCC |
||
| 041 | _aben | ||
| 082 |
_a491.4414 _bBAN 1362 |
||
| 100 | _aবন্দোপাধ্যায়, ব্রজেন্দ্রনাথ | ||
| 245 |
_aঈশ্বরচন্দ্র বিদ্যাসাগর, দীনবন্ধু মিত্র, প্যারিচাঁদ মিত্র / _cব্রজেন্দ্রনাথ বন্দোপাধ্যায়, |
||
| 260 |
_aকলিকাতা : _bবঙ্গীয় সাহিত্য পরিষদ, _c1362 |
||
| 300 |
_a275 p. : _c18 cm. |
||
| 490 | _aসাহিত্য-সাধক-চরিতমালা | ||
| 650 | _aBengali Literature | ||
| 942 |
_2ddc _cBK |
||